书目信息 |
| 题名: |
家居装修设计3000例:白金版,细部设计
|
|
| 作者: | 李江军 编 | |
| 分册: | ||
| 出版信息: | 北京 中国电力出版社 2016.04 |
|
| 页数: | 120页 | |
| 开本: | 26cm | |
| 丛书名: | ||
| 单 册: | ||
| 中图分类: | TU767-64 | |
| 科图分类: | ||
| 主题词: | 建筑工程--工程施工 | |
| 电子资源: | ||
| ISBN: | 978-7-5123-7713-4 | |
| 000 | 00618nam0 2200193 450 | |
| 001 | 616 | |
| 005 | 20160908144333.87 | |
| 010 | @a978-7-5123-7713-4@dCNY39.00 | |
| 100 | @a20160723d2016 km y0chiy0120 ea | |
| 101 | 0 | @achi |
| 102 | @aCN@b710000 | |
| 200 | 1 | @a家居装修设计3000例:白金版,细部设计@Ajia ju zhuang xiu she ji 3000 li:bai jin ban,xi bu she ji@f李江军编@Fli jiang jun bian |
| 210 | @a北京@c中国电力出版社@d2016.04 | |
| 215 | @a120页@d26cm | |
| 606 | 0 | @a建筑工程@x工程施工 |
| 690 | @aTU767-64@v4 | |
| 701 | 0 | @a李江军@Ali jiang jun@4编 |
| 801 | 0 | @aCN@b唐山师范学院图书馆@c20160723 |
| 905 | @aZUCC@dTU767-64@e781 | |
| 家居装修设计3000例:白金版,细部设计/李江军编.-北京:中国电力出版社,2016.04 |
| 120页;26cm |
| ISBN 978-7-5123-7713-4:CNY39.00 |
| ● |
| 相关链接 |
|
|
|
|
正题名:家居装修设计3000例:白金版,细部设计
索取号:TU767-64/781
 
预约/预借
| 序号 | 登录号 | 条形码 | 馆藏地/架位号 | 状态 | 备注 |
| 1 | 902657 | 209026579 | 第二样本阅览室/ [索取号:TU767-64/781] | 在馆 | |
| 2 | 902658 | 209026588 | 第三借阅区/ [索取号:TU767-64/781] | 在馆 | |
| 3 | 902659 | 209026597 | 第三借阅区/ [索取号:TU767-64/781] | 在馆 | |
| 4 | 902660 | 209026604 | 第三借阅区/ [索取号:TU767-64/781] | 在馆 | |
| 5 | 902661 | 209026613 | 第三借阅区/ [索取号:TU767-64/781] | 在馆 |